Catálogo

QUIEN DE NOSOTROS (Registro nro. 48178)

Detalles MARC
000 -LEADER
fixed length control field 01056nam a2200205 a 4500
001 - CONTROL NUMBER
control field 48178
005 - DATE AND TIME OF LATEST TRANSACTION
control field 20180714032408.0
008 - FIXED-LENGTH DATA ELEMENTS--GENERAL INFORMATION
fixed length control field 140415s2000 mx 000 0 spa d
020 ## - INTERNATIONAL STANDARD BOOK NUMBER
International Standard Book Number 9681915585
041 ## - LANGUAGE CODE
Language code of text/sound track or separate title spa
082 ## - DEWEY DECIMAL CLASSIFICATION NUMBER
Classification number 863
Item number BEN
100 1# - MAIN ENTRY--PERSONAL NAME
Personal name BENEDETTI, MARIO
245 10 - TITLE STATEMENT
Title QUIEN DE NOSOTROS
250 ## - EDITION STATEMENT
Edition statement 1a ed.
260 ## - PUBLICATION, DISTRIBUTION, ETC.
Place of publication, distribution, etc. MEXICO :
Name of publisher, distributor, etc. SANTILLANA EDICIONES GENERALES, S.A. DE C.V.,
Date of publication, distribution, etc. 2000
300 ## - PHYSICAL DESCRIPTION
Extent 224
Dimensions 14.5 x 1 x 23.8
490 ## - SERIES STATEMENT
Series statement ALFAGUARA
520 ## - SUMMARY, ETC.
Summary, etc. UN MATRIMONIO EN APARIENCIA FELIZ ENTRA EN CRISIS PORQUE UN AMIGO DE LA PAREJA PARECE TENER ENORME ATRACTIVO PARA LA MUJER, QUIEN DISFRUTA DE SU COMPAÑÍA, RÍE CON SUS BROMAS, SE APASIONA CON SUS TEMAS DE CONVERSACIÓN. EL MARIDO OBSERVA TODO ESTO CON CIERTO TEMOR DE PERDER A SU AMADA, Y TERMINA EN UNA ENCRUCIJADA DONDE EL AMOR Y LA AMISTAD PARECEN SEGUIR RUTAS SEPARADA...¿O PODRÍAN TAL VEZ COMPARTIRSE ENTRE TRES? LA INTENSA HISTORIA DE ALICIA, MIGUEL Y LUCAS REVELA MÁS DE UNA VERDAD SOB
650 14 - SUBJECT ADDED ENTRY--TOPICAL TERM
Topical term or geographic name entry element NOVELA URUGUAYA
General subdivision LITERATURA URUGUAYA
-- SIGLO XX
Existencias
Withdrawn status Lost status Source of classification or shelving scheme Damaged status Not for loan Collection code Home library Current library Shelving location Date acquired Source of acquisition Inventory number Total Checkouts Full call number Barcode Date last seen Date last checked out Price effective from Koha item type
    Dewey Decimal Classification     General Biblioteca Karol Wojtyla Biblioteca Karol Wojtyla Sala general 03/12/2013 Compra 151000000000000000033629 5 863 BEN 72111 28/04/2026 14/04/2026 03/12/2013 Libro